Statistics for Idioms about Household Items

Click here to take the quiz!

General Stats

  • This quiz has been taken 33,802 times
  • The average score is 16 of 20

Answer Stats

Idiom% Correct
Lay one's cards on the {table}
96%
Born with a silver {spoon} in one's mouth
93%
Put all one's eggs in one {basket}
92%
See the writing on the {wall}
92%
Roll out the red {carpet}
91%
Have a bun in the {oven}
89%
Sweep under the {rug}
89%
A skeleton in the {closet}
88%
A watched {pot} never boils
88%
Pot calling the {kettle} black
88%
Everything but the kitchen {sink}
85%
Throw in the {towel}
80%
Caught with one's hand in the {cookie} {jar}
70%
A flash in the {pan}
69%
Hand that rocks the {cradle}
69%
A foot in the {door}
66%
Can't hold a {candle} to
65%
Out of the {frying} {pan}, into the fire
62%
A drop in the {bucket}
50%
Tempest in a {teapot}
42%

Score Distribution

Percentile by Number Answered

Percent of People with Each Score

Your Score History

You have not taken this quiz